[Event "Asker-ch A"]
[Site "Asker"]
[Date "2018.04.09"]
[Round "7"]
[White "Yggeseth, Oistein"]
[Black "Moller, Thomas Erma"]
[Result "0-1"]
[WhiteElo "1474"]
[BlackElo "1144"]
[PlyCount "102"]
[EventDate "2018.02.19"]
[EventType "swiss"]
[EventRounds "9"]
[EventCountry "NOR"]
[SourceTitle "EXT 2023"]
[Source "ChessBase"]
[SourceDate "2022.10.05"]
[SourceVersion "1"]
[SourceVersionDate "2022.10.05"]
[SourceQuality "1"]

1. e4 e6 2. d4 d5 3. e5 c5 4. Nf3 Nc6 5. c3 Qb6 6. b3 Nge7 7. dxc5 Qxc5 8. Be3 Qa5 9. b4 Qc7 10. Bf4 Nf5 11. g4 Nfe7 12. Qe2 Ng6 13. Bg3 Be7 14. Nbd2 0-0 15. Nb3 a6 16. Qe3 h6 17. Nbd4 Bd7 18. Nxc6 Bxc6 19. Nd4 Rac8 20. a3 Bd7 21. Rc1 a5 22. Bb5 axb4 23. Bxd7 Qxd7 24. cxb4 Qa4 25. 0-0 Rc4 26. h3 Rfc8 27. Rxc4 Rxc4 28. Qb3 Qa6 29. Qb2 Qb6 30. Ne2 Qc7 31. Rc1 Bh4 32. Rxc4 Qxc4 33. Kf1 Bxg3 34. fxg3 Qe4 35. Qc3 Nxe5 36. Qc8+ Kh7 37. Qxb7 f6 38. Qe7 Nd3 39. Qa7 Qf3+ 40. Kg1 Qxe2 41. Qd4 Nc1 42. Qf2 Qxf2+ 43. Kxf2 Nd3+ 44. Ke3 Ne5 45. b5 Kg6 46. a4 Kf7 47. Kd4 Ke7 48. a5 Kd6 49. a6 Nd7 50. a7 Nb6 51. h4 g5 0-1

[Event "Asker Autumn A"]
[Site "Asker"]
[Date "2017.10.09"]
[Round "5"]
[White "Martinez, Alexander"]
[Black "Yggeseth, Oistein"]
[Result "0-1"]
[WhiteElo "1272"]
[BlackElo "1481"]
[PlyCount "58"]
[EventDate "2017.08.28"]
[EventType "swiss"]
[EventRounds "9"]
[EventCountry "NOR"]
[SourceTitle "EXT 2024"]
[Source "ChessBase"]
[SourceDate "2023.10.10"]
[SourceVersion "1"]
[SourceVersionDate "2023.10.10"]
[SourceQuality "1"]

1. e4 c5 2. Nf3 d6 3. d4 cxd4 4. Nxd4 Nf6 5. Nc3 e5 6. Nf3 a6 7. Be3 Be7 8. Bd3 0-0 9. h3 b5 10. Nd5 Nxd5 11. exd5 f5 12. Be2 f4 13. Bd2 Qb6 14. b3 e4 15. Nh2 e3 16. fxe3 Bh4+ 17. Kf1 fxe3+ 18. Bf3 exd2 19. Qxd2 Nd7 20. Ke2 Ne5 21. Rhf1 Bg3 22. Ng4 Bf4 23. Qb4 Nxg4 24. hxg4 Re8+ 25. Kd1 Be5 26. Qe4 Bd7 27. Rh1 g6 28. Rb1 Bc3 29. Qd3 Re3 0-1

[Event "Asker Autumn A"]
[Site "Asker"]
[Date "2017.09.11"]
[Round "3"]
[White "Flatrud, Bjorn"]
[Black "Yggeseth, Oistein"]
[Result "0-1"]
[WhiteElo "1265"]
[BlackElo "1481"]
[PlyCount "80"]
[EventDate "2017.08.28"]
[EventType "swiss"]
[EventRounds "9"]
[EventCountry "NOR"]
[SourceTitle "EXT 2024"]
[Source "ChessBase"]
[SourceDate "2023.10.10"]
[SourceVersion "1"]
[SourceVersionDate "2023.10.10"]
[SourceQuality "1"]

1. d4 e6 2. Bf4 Nf6 3. e3 c5 4. c3 cxd4 5. exd4 a6 6. Nd2 d5 7. Ngf3 Nc6 8. Bd3 Be7 9. Ne5 0-0 10. Ng4 Nxg4 11. Qxg4 e5 12. Bxh7+ Kxh7 13. Qh5+ Kg8 14. dxe5 f6 15. 0-0 fxe5 16. Bxe5 Nxe5 17. Qxe5 Rf5 18. Qd4 Bf6 19. Qe3 Re5 20. Qf3 Bd7 21. Rfe1 Rf5 22. Qe3 Bg5 23. Qd4 Bc6 24. Nf3 Bf6 25. Qe3 Bd7 26. Rad1 Bg5 27. Nxg5 Qxg5 28. Qxg5 Rxg5 29. Re7 Bc6 30. Rde1 d4 31. f3 dxc3 32. bxc3 Bxf3 33. g3 Rc8 34. R1e3 Bc6 35. h4 Ra5 36. Re2 Kf8 37. R7e3 Re8 38. Rf2+ Kg8 39. Rd3 Re1+ 40. Kh2 Rh1# 0-1

[Event "Asker Autumn A"]
[Site "Asker"]
[Date "2017.08.28"]
[Round "1"]
[White "Holler, Ole Jakob"]
[Black "Yggeseth, Oistein"]
[Result "1-0"]
[WhiteElo "1413"]
[BlackElo "1481"]
[PlyCount "67"]
[EventDate "2017.08.28"]
[EventType "swiss"]
[EventRounds "9"]
[EventCountry "NOR"]
[SourceTitle "EXT 2024"]
[Source "ChessBase"]
[SourceDate "2023.10.10"]
[SourceVersion "1"]
[SourceVersionDate "2023.10.10"]
[SourceQuality "1"]

1. c4 e5 2. e4 c5 3. Nf3 d6 4. Nc3 Nf6 5. d3 h6 6. Bd2 Be7 7. h3 0-0 8. Qc1 Kh7 9. g4 Ng8 10. Nd5 f6 11. Rg1 g5 12. h4 Nc6 13. Nxe7 Ncxe7 14. hxg5 fxg5 15. Nxg5+ hxg5 16. Bxg5 Qe8 17. Rh1+ Kg6 18. Bh6 Rf6 19. Qg5+ Kf7 20. Qg7+ Ke6 21. g5 Rf7 22. Bh3+ Nf5 23. Bxf5+ Ke7 24. Qg6 Bxf5 25. exf5 Kd7 26. f6 Ke6 27. Qe4 Rc7 28. Bg7 Kd7 29. Qf5+ Qe6 30. Qxe6+ Kxe6 31. Rh8 Rcc8 32. 0-0-0 Kf7 33. g6+ Ke6 34. f7 1-0

[Event "Asker CC-ch Class A"]
[Site "Asker"]
[Date "2017.05.08"]
[Round "9"]
[White "Moe, Cato"]
[Black "Yggeseth, Oistein"]
[Result "0-1"]
[WhiteElo "1399"]
[BlackElo "1501"]
[PlyCount "36"]
[EventDate "2017.01.09"]
[EventType "swiss"]
[EventRounds "9"]
[EventCountry "NOR"]
[SourceTitle "EXT 2024"]
[Source "ChessBase"]
[SourceDate "2023.10.10"]
[SourceVersion "1"]
[SourceVersionDate "2023.10.10"]
[SourceQuality "1"]

1. e4 c5 2. c4 Nf6 3. Nc3 d6 4. Nf3 Nc6 5. d4 cxd4 6. Nxd4 Nxd4 7. Qxd4 e5 8. Qd3 Be7 9. Be2 0-0 10. 0-0 a6 11. h3 Qc7 12. f4 Rd8 13. f5 Qc5+ 14. Kh1 Qd4 15. Qg3 Nxe4 16. Nxe4 Qxe4 17. Bh6 Bf6 18. Rad1 Qxe2 0-1

[Event "Asker CC-ch Class A"]
[Site "Asker"]
[Date "2017.04.03"]
[Round "8"]
[White "Yggeseth, Oistein"]
[Black "Lovberget, Erik"]
[Result "0-1"]
[WhiteElo "1501"]
[BlackElo "1469"]
[PlyCount "90"]
[EventDate "2017.01.09"]
[EventType "swiss"]
[EventRounds "9"]
[EventCountry "NOR"]
[SourceTitle "EXT 2024"]
[Source "ChessBase"]
[SourceDate "2023.10.10"]
[SourceVersion "1"]
[SourceVersionDate "2023.10.10"]
[SourceQuality "1"]

1. e4 e5 2. Nf3 Nc6 3. Bb5 a6 4. Ba4 Nf6 5. d3 d6 6. h3 Be7 7. 0-0 0-0 8. Be3 b5 9. Bb3 Na5 10. c4 c5 11. cxb5 axb5 12. Bc2 Nc6 13. Nc3 Rb8 14. Bb3 Bd7 15. Nd5 Nxd5 16. Bxd5 Bf6 17. Nh2 Bg5 18. f4 exf4 19. Bxf4 Qe7 20. Qh5 Bf6 21. Qe2 Nd4 22. Qd2 Be6 23. Bxe6 fxe6 24. Nf3 Nc6 25. Rab1 Qd7 26. Kh1 Ra8 27. a3 Na5 28. e5 dxe5 29. Bxe5 Qd5 30. Qe2 Nb3 31. Bxf6 Rxf6 32. Qe4 Rd8 33. Rbd1 Rdf8 34. Kg1 Rf4 35. Qe5 Rxf3 36. Qxd5 Rxf1+ 37. Rxf1 Rxf1+ 38. Kxf1 exd5 39. Ke2 Kf7 40. Ke3 Ke6 41. Kf4 Kf6 42. g4 g5+ 43. Kf3 Ke5 44. Ke3 d4+ 45. Kf3 Nc1 0-1

[Event "Asker CC-ch Class A"]
[Site "Asker"]
[Date "2017.03.13"]
[Round "6"]
[White "Yggeseth, Oistein"]
[Black "Grondahl, Jan Robert"]
[Result "1/2-1/2"]
[WhiteElo "1501"]
[BlackElo "1261"]
[PlyCount "105"]
[EventDate "2017.01.09"]
[EventType "swiss"]
[EventRounds "9"]
[EventCountry "NOR"]
[SourceTitle "EXT 2024"]
[Source "ChessBase"]
[SourceDate "2023.10.10"]
[SourceVersion "1"]
[SourceVersionDate "2023.10.10"]
[SourceQuality "1"]

1. e4 c6 2. d4 d5 3. exd5 cxd5 4. Nf3 Bg4 5. Be2 Nf6 6. 0-0 e6 7. h3 Bh5 8. Bg5 Bxf3 9. Bxf3 Be7 10. c4 Nc6 11. cxd5 Nxd5 12. Bxe7 Ncxe7 13. Nc3 0-0 14. Qb3 Qd7 15. Nxd5 Nxd5 16. Bxd5 Qxd5 17. Qxd5 exd5 18. Rac1 Rac8 19. Rc5 Rxc5 20. dxc5 Rd8 21. Rd1 Kf8 22. f4 f5 23. g4 g6 24. g5 Rd7 25. Kf2 Ke8 26. b4 Kd8 27. Ke3 Kc7 28. b5 a6 29. a4 axb5 30. axb5 b6 31. c6 Re7+ 32. Kd4 Re4+ 33. Kc3 Rc4+ 34. Kb3 Rc5 35. Kb4 Rc4+ 36. Kb3 Kd6 37. Rd2 Rxf4 38. Rd3 Rc4 39. Rf3 Rc5 40. Kb4 d4 41. Ra3 f4 42. Ra7 f3 43. Rf7 Rc3 44. Rd7+ Ke5 45. Re7+ Kf4 46. Rd7 Ke3 47. Re7+ Kd3 48. Rf7 Ke3 49. Re7+ Kf4 50. Rd7 Ke3 51. Re7+ Kd3 52. Rf7 Ke3 53. Re7+ 1/2-1/2

[Event "Asker Autumn A"]
[Site "Asker"]
[Date "2016.12.05"]
[Round "9"]
[White "Yggeseth, Oistein"]
[Black "Nydal, Roar"]
[Result "1-0"]
[WhiteElo "1497"]
[BlackElo "1558"]
[PlyCount "63"]
[EventDate "2016.08.29"]
[EventType "swiss"]
[EventRounds "9"]
[EventCountry "NOR"]
[SourceTitle "EXT 2024"]
[Source "ChessBase"]
[SourceDate "2023.10.10"]
[SourceVersion "1"]
[SourceVersionDate "2023.10.10"]
[SourceQuality "1"]

1. e4 e6 2. d4 d5 3. exd5 exd5 4. Nf3 Nf6 5. Be2 c6 6. 0-0 Bd6 7. c4 0-0 8. c5 Be7 9. Bg5 Qc7 10. Re1 Bf5 11. Bd3 Bxd3 12. Qxd3 h6 13. Bh4 Ne4 14. Bxe7 Qxe7 15. Nbd2 f5 16. Ne5 Re8 17. f3 Nxd2 18. Qxd2 Nd7 19. Nxc6 Qf7 20. Rxe8+ Qxe8 21. Re1 Qf8 22. Ne7+ Kh7 23. Nxd5 Rd8 24. Nf4 Nxc5 25. b4 g5 26. bxc5 gxf4 27. Qxf4 Qf7 28. g4 Rg8 29. Re5 Rg5 30. h4 Qxa2 31. Re7+ Kg6 32. Qd6+ 1-0

[Event "Asker Autumn A"]
[Site "Asker"]
[Date "2016.11.21"]
[Round "8"]
[White "Flatrud, Bjorn"]
[Black "Yggeseth, Oistein"]
[Result "0-1"]
[WhiteElo "1344"]
[BlackElo "1497"]
[PlyCount "76"]
[EventDate "2016.08.29"]
[EventType "swiss"]
[EventRounds "9"]
[EventCountry "NOR"]
[SourceTitle "EXT 2024"]
[Source "ChessBase"]
[SourceDate "2023.10.10"]
[SourceVersion "1"]
[SourceVersionDate "2023.10.10"]
[SourceQuality "1"]

1. f4 d5 2. Nf3 e6 3. g3 c5 4. Bg2 Nf6 5. d3 Be7 6. 0-0 0-0 7. Ne5 Nbd7 8. Nf3 b6 9. b3 Bb7 10. Qe1 Rc8 11. Bb2 Ng4 12. e4 dxe4 13. dxe4 Bf6 14. e5 Be7 15. c4 Nb8 16. h3 Nh6 17. Qc3 f6 18. Nbd2 Qd7 19. Rad1 Qc6 20. Rf2 Qe8 21. g4 Nd7 22. Qe3 fxe5 23. Nxe5 Bxg2 24. Rxg2 Nxe5 25. Bxe5 Bf6 26. Bd6 Bd4 27. Qxd4 cxd4 28. Bxf8 Qxf8 29. Nf3 Qxf4 30. Nxd4 Rd8 31. Rgd2 Qg3+ 32. Kh1 Qxh3+ 33. Rh2 Qe3 34. Rhd2 Nxg4 35. Kg2 e5 36. Nf5 Rxd2+ 37. Rxd2 Qxd2+ 38. Kh3 Nf2+ 0-1

[Event "Asker Autumn A"]
[Site "Asker"]
[Date "2016.11.14"]
[Round "7"]
[White "Wilhelmsen, Fredrik"]
[Black "Yggeseth, Oistein"]
[Result "1/2-1/2"]
[WhiteElo "1556"]
[BlackElo "1497"]
[PlyCount "137"]
[EventDate "2016.08.29"]
[EventType "swiss"]
[EventRounds "9"]
[EventCountry "NOR"]
[SourceTitle "EXT 2024"]
[Source "ChessBase"]
[SourceDate "2023.10.10"]
[SourceVersion "1"]
[SourceVersionDate "2023.10.10"]
[SourceQuality "1"]

1. e4 c5 2. Nf3 d6 3. d4 cxd4 4. Nxd4 Nf6 5. Nc3 a6 6. Bg5 e5 7. Nb3 Be7 8. Be2 0-0 9. f4 b5 10. Bxf6 Bxf6 11. Nd5 exf4 12. Nxf6+ Qxf6 13. c3 Qh4+ 14. Kf1 Qf6 15. Qd5 Ra7 16. Rc1 Qe5 17. Qd3 Rc7 18. Qc2 Bb7 19. Bf3 Rfc8 20. Nd2 Nd7 21. Ke2 Nf6 22. Rhe1 d5 23. Kf1 d4 24. Nb1 dxc3 25. bxc3 b4 26. Qb3 Bxe4 27. Bxe4 Nxe4 28. Qxb4 Rc4 29. Qb7 Qb5 30. Qxb5 axb5 31. Na3 Ra4 32. Nxb5 Nd2+ 33. Kg1 Rxa2 34. Nd4 Nc4 35. Rf1 g5 36. Rf2 Rxf2 37. Kxf2 Ne3 38. h3 Rc4 39. Ne2 Kg7 40. Kf3 h5 41. g3 g4+ 42. hxg4 hxg4+ 43. Kf2 Nd5 44. gxf4 Nxf4 45. Ke3 Nxe2 46. Kxe2 Kg6 47. Kd3 Rc8 48. c4 Kf6 49. Ke4 Ke6 50. Kf4 f5 51. Re1+ Kf6 52. Rc1 Rc5 53. Rc3 Ke6 54. Re3+ Kd6 55. Rd3+ Kc6 56. Rd8 Kb6 57. Rb8+ Kc7 58. Rb4 Kd6 59. Rb6+ Rc6 60. Rb5 Rc5 61. Rb6+ Kc7 62. Rb4 Kc6 63. Rb8 Kd7 64. Rb6 Rc6 65. Rb5 Ke6 66. Re5+ Kd6 67. Rxf5 Rxc4+ 68. Kg3 Ke6 69. Rf4 1/2-1/2

[Event "Asker CC-ch Class A"]
[Site "Asker"]
[Date "2016.03.14"]
[Round "1"]
[White "Wilhelmsen, Fredrik"]
[Black "Yggeseth, Oistein"]
[Result "1-0"]
[WhiteElo "1240"]
[BlackElo "1219"]
[PlyCount "83"]
[EventDate "2016.01.11"]
[EventType "swiss"]
[EventRounds "9"]
[EventCountry "NOR"]
[SourceTitle "EXT 2024"]
[Source "ChessBase"]
[SourceDate "2023.10.10"]
[SourceVersion "1"]
[SourceVersionDate "2023.10.10"]
[SourceQuality "1"]

1. e4 c5 2. Nf3 d6 3. d4 cxd4 4. Nxd4 Nf6 5. Nc3 a6 6. Bg5 Nbd7 7. Bc4 h6 8. Bh4 g5 9. Bg3 e5 10. Nf5 Nb6 11. Bb3 Bxf5 12. exf5 Qc8 13. Qf3 Qc6 14. Qxc6+ bxc6 15. 0-0-0 Be7 16. f3 0-0 17. Rhe1 Kg7 18. Ne4 Nxe4 19. fxe4 f6 20. Bf2 Rab8 21. Re3 Rfd8 22. Rc3 c5 23. Bd5 Na4 24. Rb3 Rxb3 25. Bxb3 Nb6 26. Be6 Na8 27. c4 Nc7 28. Bd5 Nxd5 29. cxd5 Rb8 30. Rd3 Rb4 31. Re3 Rc4+ 32. Kb1 Bd8 33. b3 Rb4 34. Be1 Rb7 35. g4 c4 36. Kc2 cxb3+ 37. Rxb3 Rxb3 38. Kxb3 Kf7 39. Ka4 Ke7 40. Ba5 Kd7 41. Bxd8 Kxd8 42. Ka5 1-0

[Event "Asker Host A"]
[Site "Asker"]
[Date "2015.10.12"]
[Round "1"]
[White "Yggeseth, Oistein"]
[Black "Larsen, Odd Ingolf"]
[Result "1-0"]
[WhiteElo "1469"]
[BlackElo "1179"]
[PlyCount "97"]
[EventDate "2015.09.21"]
[EventType "swiss"]
[EventRounds "9"]
[EventCountry "NOR"]
[SourceTitle "EXT 2023"]
[Source "ChessBase"]
[SourceDate "2022.10.05"]
[SourceVersion "1"]
[SourceVersionDate "2022.10.05"]
[SourceQuality "1"]

1. e4 e5 2. Nf3 Nc6 3. Bb5 a6 4. Ba4 Nf6 5. 0-0 d6 6. Re1 b5 7. Bb3 Be7 8. h3 0-0 9. c3 Re8 10. d4 Bb7 11. d5 Na5 12. Bc2 c6 13. dxc6 Bxc6 14. b4 Nc4 15. Nbd2 Nb6 16. Nf1 Rc8 17. Ng3 Bd7 18. Bb2 Be6 19. Ng5 Bc4 20. Bb3 Rc6 21. a4 Bxb3 22. Qxb3 Nc4 23. axb5 axb5 24. Ra7 Nd7 25. Nf3 Ndb6 26. Nf5 Bf8 27. Rea1 Na4 28. Bc1 Rc7 29. Rxc7 Qxc7 30. Nd2 Nab6 31. Nxc4 Nxc4 32. Ne3 Rc8 33. Nd5 Qb7 34. Qd1 Nb6 35. Nxb6 Qxb6 36. Qd3 Qc6 37. Bd2 Rb8 38. Ra7 Rb7 39. Rxb7 Qxb7 40. f4 g6 41. g4 exf4 42. Bxf4 f6 43. h4 Kf7 44. c4 bxc4 45. Qxc4+ d5 46. exd5 Bxb4 47. d6+ Kf8 48. Bh6+ Ke8 49. Qe6+ 1-0

[Event "Asker CC-ch A"]
[Site "Asker"]
[Date "2015.05.11"]
[Round "9"]
[White "Utseth, Mikhail"]
[Black "Yggeseth, Oistein"]
[Result "1-0"]
[WhiteElo "1462"]
[BlackElo "1280"]
[PlyCount "75"]
[EventDate "2015.02.23"]
[EventType "swiss"]
[EventRounds "9"]
[EventCountry "NOR"]
[SourceTitle "EXT 2023"]
[Source "ChessBase"]
[SourceDate "2022.10.05"]
[SourceVersion "1"]
[SourceVersionDate "2022.10.05"]
[SourceQuality "1"]

1. d4 e6 2. a3 Nf6 3. Nc3 d5 4. Bf4 c5 5. e3 cxd4 6. Qxd4 Nc6 7. Bb5 Bd7 8. Bxc6 Bxc6 9. Nf3 Nh5 10. Be5 f6 11. Qg4 g6 12. Qxe6+ Qe7 13. Qxe7+ Bxe7 14. Bd4 0-0 15. 0-0 b6 16. Rad1 Ng7 17. h3 Ne6 18. Rd2 b5 19. Ne2 a5 20. Rfd1 b4 21. axb4 axb4 22. b3 Nxd4 23. Nfxd4 Bd7 24. Nf4 Ra6 25. Nxd5 Bc5 26. Nc7 Rd6 27. Nde6 Rxd2 28. Rxd2 Bxe6 29. Nxe6 Rc8 30. Rd8+ Rxd8 31. Nxd8 Be7 32. Nc6 Bf8 33. Kf1 Kf7 34. Ke2 Ke6 35. Kd3 Kd5 36. Nb8 Bd6 37. e4+ Kc5 38. Nd7+ 1-0

[Event "Asker CC-ch A"]
[Site "Asker"]
[Date "2015.04.13"]
[Round "7"]
[White "Syvertsen, Finn"]
[Black "Yggeseth, Oistein"]
[Result "0-1"]
[WhiteElo "1195"]
[BlackElo "1280"]
[PlyCount "68"]
[EventDate "2015.02.23"]
[EventType "swiss"]
[EventRounds "9"]
[EventCountry "NOR"]
[SourceTitle "EXT 2023"]
[Source "ChessBase"]
[SourceDate "2022.10.05"]
[SourceVersion "1"]
[SourceVersionDate "2022.10.05"]
[SourceQuality "1"]

1. d4 e6 2. c4 Nf6 3. Nc3 c5 4. d5 d6 5. e4 exd5 6. exd5 Be7 7. Nf3 0-0 8. h3 Re8 9. Bd3 Bf8+ 10. Be3 Nbd7 11. 0-0 Ne5 12. Nxe5 Rxe5 13. Bf4 Re8 14. Bg5 h6 15. Bh4 Be7 16. Bc2 Nxd5 17. Qd3 g6 18. Bxe7 Nxe7 19. Qd2 Kg7 20. Ne4 Nf5 21. Ng3 Nd4 22. Bd3 Bd7 23. Rfe1 Bxh3 24. Rxe8 Qxe8 25. Re1 Qd7 26. Qe3 Be6 27. Ne4 Nf5 28. Qf4 g5 29. Qf3 Qe7 30. g4 Nd4 31. Qh3 f5 32. Nd2 Qf7 33. gxf5 Nxf5 34. Kg2 Nh4+ 0-1

[Event "Asker op"]
[Site "Asker"]
[Date "2014.10.20"]
[Round "5"]
[White "Yggeseth, Oistein"]
[Black "Enersen, Eirik S"]
[Result "0-1"]
[WhiteElo "1290"]
[BlackElo "1357"]
[PlyCount "86"]
[EventDate "2014.09.01"]
[EventType "swiss"]
[EventRounds "9"]
[EventCountry "NOR"]
[SourceTitle "EXT 2017"]
[Source "ChessBase"]
[SourceDate "2016.10.25"]
[SourceVersion "1"]
[SourceVersionDate "2016.10.25"]
[SourceQuality "1"]

1. e4 e6 2. d4 d5 3. exd5 exd5 4. Nf3 Nf6 5. Be2 c5 6. Bg5 Nc6 7. 0-0 h6 8. Bh4 cxd4 9. Nxd4 Be7 10. Bb5 Qb6 11. Bxc6+ bxc6 12. Nb3 a5 13. Re1 Be6 14. Qd4 c5 15. Qd1 a4 16. Nc3 axb3 17. axb3 Rxa1 18. Qxa1 0-0 19. Qd1 Qb7 20. Qe2 Re8 21. Nb5 Bd7 22. Nc3 Bd8 23. Qd1 Rxe1+ 24. Qxe1 Ba5 25. Bxf6 gxf6 26. Qe3 Bxc3 27. Qg3+ Kh7 28. Qxc3 Qa6 29. h3 Qc6 30. Qd3+ f5 31. g4 Qe6 32. f3 Qg6 33. Qxd5 Bc6 34. Qd3 fxg4 35. fxg4 Qxd3 36. cxd3 Bb5 37. Kf2 Bxd3 38. Ke3 Bc2 39. b4 cxb4 40. Kf4 Kg6 41. h4 f5 42. gxf5+ Bxf5 43. h5+ Kf6 0-1

[Event "Asker CC-ch"]
[Site "Asker"]
[Date "2014.04.28"]
[Round "8"]
[White "Holtermann, Eilert"]
[Black "Yggeseth, Oistein"]
[Result "1/2-1/2"]
[WhiteElo "1234"]
[BlackElo "1195"]
[PlyCount "50"]
[EventDate "2014.01.13"]
[EventType "swiss"]
[EventRounds "9"]
[EventCountry "NOR"]
[SourceTitle "EXT 2017"]
[Source "ChessBase"]
[SourceDate "2016.10.25"]
[SourceVersion "1"]
[SourceVersionDate "2016.10.25"]
[SourceQuality "1"]

1. d4 e6 2. c3 Nf6 3. g3 d5 4. Nf3 c5 5. Bg2 Be7 6. 0-0 0-0 7. Ne5 cxd4 8. cxd4 Nc6 9. Nxc6 bxc6 10. Nc3 c5 11. dxc5 Bxc5 12. e3 Ba6 13. Re1 Rb8 14. Bf1 Bxf1 15. Kxf1 d4 16. exd4 Qxd4 17. Qxd4 Bxd4 18. Re2 Bxc3 19. bxc3 Rfc8 20. Bf4 Rb7 21. Be5 Nd5 22. Rd1 f6 23. Bd4 e5 24. Bxe5 Nxc3 25. Bxc3 Rxc3 1/2-1/2

[Event "Asker Aautumn-B"]
[Site "Asker"]
[Date "2013.11.25"]
[Round "8"]
[White "Wilhelmsen, Fredrik"]
[Black "Yggeseth, Oistein"]
[Result "0-1"]
[WhiteElo "1235"]
[BlackElo "1185"]
[PlyCount "42"]
[EventDate "2013.09.16"]
[EventType "swiss"]
[EventRounds "9"]
[EventCountry "NOR"]
[SourceTitle "EXT 2024"]
[Source "ChessBase"]
[SourceDate "2023.10.10"]
[SourceVersion "1"]
[SourceVersionDate "2023.10.10"]
[SourceQuality "1"]

1. e4 c5 2. Nf3 d6 3. d4 cxd4 4. Nxd4 Nf6 5. Nc3 e5 6. Ndb5 a6 7. Na3 b5 8. b4 Bb7 9. f3 Nc6 10. Rb1 d5 11. exd5 Nxb4 12. Naxb5 Nbxd5 13. Nxd5 Nxd5 14. Na3 Bb4+ 15. Bd2 Nc3 16. Bxc3 Bxc3+ 17. Ke2 Qc7 18. Qd3 Rd8 19. Rxb7 Qxb7 20. Qxc3 Qd5 21. Qc4 Qd2# 0-1

[Event "Asker Aautumn-B"]
[Site "Asker"]
[Date "2013.09.16"]
[Round "2"]
[White "Larsen, Leif Sigurd"]
[Black "Yggeseth, Oistein"]
[Result "0-1"]
[WhiteElo "1237"]
[BlackElo "1185"]
[PlyCount "82"]
[EventDate "2013.09.16"]
[EventType "swiss"]
[EventRounds "9"]
[EventCountry "NOR"]
[SourceTitle "EXT 2024"]
[Source "ChessBase"]
[SourceDate "2023.10.10"]
[SourceVersion "1"]
[SourceVersionDate "2023.10.10"]
[SourceQuality "1"]

1. e4 c5 2. Nf3 d6 3. d4 cxd4 4. Nxd4 Nf6 5. Nc3 e5 6. Bb5+ Bd7 7. Nf5 Bxb5 8. Nxb5 Qa5+ 9. Nc3 Nxe4 10. Qd5 Qxd5 11. Nxd5 Na6 12. f3 Nec5 13. b4 Ne6 14. b5 Nac7 15. Nxc7+ Nxc7 16. c4 d5 17. Bb2 f6 18. a4 dxc4 19. Rc1 Nd5 20. Rxc4 g6 21. Ng3 Ne3 22. Rc7 Nxg2+ 23. Kf2 Nf4 24. Rd1 Rd8 25. Rxd8+ Kxd8 26. Rc3 Bc5+ 27. Kf1 Bd4 28. Rc2 Bxb2 29. Rxb2 Ke7 30. Ne4 Rd8 31. Rc2 f5 32. Rc7+ Rd7 33. Rxd7+ Kxd7 34. Nf6+ Kd6 35. Nxh7 Kc5 36. Nf8 Kb4 37. Nd7 Kxa4 38. Nxe5 Kxb5 39. Kf2 a5 40. Ke3 g5 41. h4 Ng2+ 0-1

[Event "NOR-ch Seniors-B"]
[Site "Lillehammer"]
[Date "2013.06.29"]
[Round "7"]
[White "Ostgaard, Pal Inge"]
[Black "Yggeseth, Oistein"]
[Result "0-1"]
[WhiteElo "1377"]
[BlackElo "1198"]
[PlyCount "76"]
[EventDate "2013.06.29"]
[EventType "swiss"]
[EventRounds "9"]
[EventCountry "NOR"]
[SourceTitle "EXT 2017"]
[Source "ChessBase"]
[SourceDate "2016.10.25"]
[SourceVersion "1"]
[SourceVersionDate "2016.10.25"]
[SourceQuality "1"]

1. e4 c5 2. Nf3 d6 3. d4 cxd4 4. Nxd4 Nf6 5. Nc3 e5 6. Nb3 a6 7. a4 Be7 8. Be2 0-0 9. 0-0 Nc6 10. Be3 Be6 11. Bf3 Nb4 12. Nd5 Nbxd5 13. exd5 Bf5 14. Be2 Qc8 15. c4 Bg4 16. f3 Bd7 17. Nd2 Rb8 18. a5 Bd8 19. Bf2 b6 20. axb6 Bxb6 21. Qc1 Bxf2+ 22. Rxf2 Rb6 23. Qc3 Qb7 24. b3 Rc8 25. Bd3 Nxd5 26. Bxh7+ Kxh7 27. Qd3+ Kg8 28. cxd5 Rc5 29. Rb1 Rxd5 30. Qe3 a5 31. Rff1 Bb5 32. Rfc1 Rc6 33. Nc4 Qc7 34. Na3 Rxc1+ 35. Rxc1 Qb7 36. Nc4 Rc5 37. Nxd6 Rxc1+ 38. Qxc1 Qb6+ 0-1

[Event "Asker CC-ch"]
[Site "Asker"]
[Date "2013.04.08"]
[Round "7"]
[White "Yggeseth, Oistein"]
[Black "Fesche, Rolf A"]
[Result "1-0"]
[WhiteElo "1181"]
[BlackElo "1404"]
[PlyCount "103"]
[EventDate "2013.01.14"]
[EventType "swiss"]
[EventRounds "9"]
[EventCountry "NOR"]
[SourceTitle "EXT 2024"]
[Source "ChessBase"]
[SourceDate "2023.10.10"]
[SourceVersion "1"]
[SourceVersionDate "2023.10.10"]
[SourceQuality "1"]

1. e4 e5 2. Nf3 Nc6 3. Bb5 d6 4. 0-0 Bd7 5. Re1 Nf6 6. c3 a6 7. Ba4 b5 8. Bb3 Be7 9. d4 0-0 10. dxe5 Nxe5 11. Nxe5 dxe5 12. Bg5 h6 13. Bh4 Nh7 14. Bg3 Bd6 15. Nd2 Kh8 16. Nf3 f6 17. Nh4 Qe8 18. Bd5 Rd8 19. b4 g5 20. Nf5 Bxf5 21. exf5 c6 22. Bf3 Bxb4 23. Qb3 Be7 24. Rad1 Rc8 25. Qe6 Ba3 26. Qxe8 Rfxe8 27. Rd7 b4 28. cxb4 Bxb4 29. Red1 Nf8 30. Rb7 a5 31. Bh5 Red8 32. Rxd8 Rxd8 33. Rf7 Rd7 34. Rxf6 Bc3 35. Rxf8+ Kg7 36. Re8 Kf6 37. Bg4 Rd2 38. Re6+ Kf7 39. Bh5+ Kf8 40. Bxe5 Bxe5 41. Rxe5 Rxa2 42. h3 Rb2 43. Rxa5 Ke7 44. Ra7+ Kd6 45. f6 Rb8 46. Rg7 Rf8 47. f7 Ke7 48. Rh7 c5 49. Rxh6 Rc8 50. Bg4 Rc7 51. Rh7 Kf8 52. Bh5 1-0